[Event "Madrid San Viator op-B 31st"]
[Site "Madrid"]
[Date "2019.09.29"]
[Round "3"]
[White "Caparros Armand, M Isabel"]
[Black "Garcia Serrano, Alfredo"]
[Result "1-0"]
[WhiteElo "1406"]
[BlackElo "1034"]
[PlyCount "75"]
[EventDate "2019.09.08"]
[EventType "swiss"]
[EventRounds "9"]
[EventCountry "ESP"]
[SourceTitle "EXT 2022"]
[Source "ChessBase"]
[SourceDate "2021.10.06"]
[SourceVersion "1"]
[SourceVersionDate "2021.10.06"]
[SourceQuality "1"]

1. d4 d6 2. Bf4 g6 3. e3 Bg7 4. Nd2 Nc6 5. Ngf3 Nf6 6. Be2 0-0 7. h3 h5 8. 0-0 Nh7 9. Bb5 a5 10. Bxc6 bxc6 11. c3 Re8 12. Nc4 e6 13. Bh2 Bb7 14. Qb3 a4 15. Qxb7 c5 16. dxc5 dxc5 17. Rad1 Qe7 18. Qxc7 Qxc7 19. Bxc7 Rac8 20. Be5 Bxe5 21. Nfxe5 Re7 22. Rd2 Ra8 23. Rfd1 Nf6 24. Rd8+ Rxd8 25. Rxd8+ Kg7 26. Ra8 Nd7 27. Nxd7 Rxd7 28. Rxa4 Rd1+ 29. Kh2 Rf1 30. Kg3 f5 31. Ne5 Rb1 32. Ra7+ Kh6 33. Rb7 Rd1 34. h4 Rd8 35. Nf7+ Kg7 36. Nxd8+ Kf6 37. f4 e5 38. Rf7# 1-0

[Event "Madrid San Viator op-B 30th"]
[Site "Madrid"]
[Date "2018.06.10"]
[Round "9"]
[White "Caparros Armand, M Isabel"]
[Black "Rossique Delmas, Antonio"]
[Result "1-0"]
[WhiteElo "1347"]
[BlackElo "1543"]
[PlyCount "93"]
[EventDate "2018.04.08"]
[EventType "swiss"]
[EventRounds "9"]
[EventCountry "ESP"]
[SourceTitle "EXT 2019"]
[Source "ChessBase"]
[SourceDate "2018.10.10"]
[SourceVersion "1"]
[SourceVersionDate "2018.10.10"]
[SourceQuality "1"]

1. d4 d5 2. Bf4 Bf5 3. Nd2 Nf6 4. e3 e6 5. c3 a6 6. Ngf3 c5 7. Be2 Nc6 8. h3 cxd4 9. exd4 Bd6 10. Ne5 Qc7 11. Ndf3 Be4 12. Nxc6 Bxf4 13. Nce5 Bxf3 14. Nxf3 0-0 15. 0-0 Rac8 16. Re1 b5 17. a4 bxa4 18. Bxa6 Ra8 19. Rxa4 Qb6 20. Qe2 Rfb8 21. Ra2 Ne4 22. Rea1 Qb3 23. g3 Bh6 24. Qe1 g6 25. Bc4 Qb7 26. Rxa8 Rxa8 27. Rxa8+ Qxa8 28. Bd3 Nd6 29. Qb1 Qc6 30. Ne5 Qc7 31. Qc2 Bg7 32. Nf3 Nf5 33. Qd2 Bh6 34. Qe1 Bg7 35. b4 Kf8 36. Qa1 Nxg3 37. Qa8+ Ke7 38. Qa3 Nf5 39. b5+ Kd8 40. Qa8+ Qc8 41. Qa5+ Kd7 42. b6 Nd6 43. Ne5+ Bxe5 44. dxe5 Nb7 45. Qa4+ Kd8 46. Ba6 Nc5 47. Qh4+ 1-0